Statistiques concernant Culture Générale - Série 177

Cliquez ici pour prendre le quiz!

Statistiques générales

  • Ce quiz a été pris 216 fois
  • Le résultat moyen est 6 sur 10

Statistiques - réponses

QuestionRéponse% Correct
Quel est le fruit du grenadier ?Grenade
97%
De quel superhéros la série "Loïs et Clark" raconte-t-elle les aventures ?Superman
87%
Quelle variété de riz est cultivée principalement dans le Pendjab ?Basmati
84%
En quelle langue Ovide a-t-il écrit "Les Métamorphoses" ?Latin
81%
Avec quel type de pâte un pâtissier prépare-t-il ses paris-brest ?Pâte à choux
57%
Quel rappeur sort l'album "Première Consultation" en 1996 ?Doc Gyneco
55%
A quel chanteur doit-on le tube "Si tu veux m'essayer" en 1994 ?Florent Pagny
43%
De quel groupe créé en 1968 Demis Roussos était-il le chanteur ?Aphrodite's Child
30%
Quel acteur incarne le rôle-titre dans "Ben-Hur" de William Wyler ?Charlton Heston
30%
A quel auteur de théâtre doit-on "La Dame de chez Maxim" en 1899 ?Georges Feydeau
24%

Distribution des résultats

Percentile par nombre de réponses

% des personnes avec chaque résultat

Votre développement - résultats

Vous n’avez pas pris ce quiz